| 000 | 00524nam a22001577a 4500 | ||
|---|---|---|---|
| 020 | _qHard Cover. | ||
| 082 | _a004-ASI | ||
| 100 | _aShahzaib Asif. | ||
| 245 |
_aDevelopment of Next Generation Traffic Signal using Edge Computing / _cAsif, Shahzaib |
||
| 260 |
_aIslamabad: _bRCMS-NUST, _c2021. |
||
| 300 |
_a61 p. : _bill. ; _c30cm. |
||
| 650 |
_aMS-Computational Science and Engineering. _985213 |
||
| 700 |
_aDr. Muhammad Tariq Saeed _985214 |
||
| 942 |
_2ddc _cTHE |
||
| 999 |
_c586902 _d586902 |
||